Asentamiento prehispánico en San Lorenzo Tenochtitlan /

I tiakina i:
Ngā taipitopito rārangi puna kōrero
Kaituhi rangatōpū: Proyecto Arqueológico San Lorenzo Tenochtitlan
Ētahi atu kaituhi: Symonds, Stacey (autor) (autor), Cyphers, Ann (autor) (autor), Lunagómez, Roberto (autor) (autor)
Hōputu: Pukapuka
Reo:Pāniora
I whakaputaina: México : UNAM, 2002, c2002
Ngā marau:
Ngā Tūtohu: Tāpirihia he Tūtohu
Kāore He Tūtohu, Me noho koe te mea tuatahi ki te tūtohu i tēnei pūkete!

MARC

LEADER 00000nam^a2200000^a^4500
001 000182480
005 20250521000000.0
009 20260310102007.46
020 |a 968-36-9809-3 
037 |a Acervo ITESO - Biblioteca 
041 |a ESP 
082 |a 709. 7262301  |b PASLT V. 1 
110 |a Proyecto Arqueológico San Lorenzo Tenochtitlan 
245 1 0 |a Asentamiento prehispánico en San Lorenzo Tenochtitlan /  |c Proyecto Arqueológico San Lorenzo Tenochtitlan ; S. Stacey, A. Cyphers. R. Lunagómez. 
264 4 |a México :  |b UNAM,  |c 2002, c2002 
300 |a 206 p. 
336 |a texto  |b txt  |2 rdacontenido 
337 |a sin mediación  |b n  |2 rdamedio 
338 |a volumen  |b nc  |2 rdasoporte 
649 |a XX 
650 |a Olmecas -  |x Historia 
650 |a Indígenas de México -  |z Veracruz -  |x Historia 
650 |a Arte Olmeca -  |z San Lorenzo Tenochtitlan, Veracruz 
650 |a Arte Olmeca -  |z Veracruz 
650 |a Arte Prehispánico -  |z Veracruz 
650 |a Arte Prehispánico -  |z México 
650 |a Arte Mexicano -  |x Historia y Crítica 
650 |a Arqueología -  |z San Lorenzo Tenochtitlan, Veracruz 
650 |a Arqueología -  |z Veracruz 
650 |a Arqueología -  |z México 
650 |a San Lorenzo Tenochtitlan, Veracruz -  |x Historia -  |y Epoca Prehispánica 
650 |a Veracruz -  |x Historia -  |y Epoca Prehispánica 
650 |a México -  |x Historia -  |y Epoca Prehispánica 
650 |a San Lorenzo Tenochtitlan, Veracruz -  |x Descripción 
650 |a Veracruz -  |x Descripción 
650 |a México -  |x Descripción 
700 |a Symonds, Stacey  |e (autor) 
700 |a Cyphers, Ann  |e (autor) 
700 |a Lunagómez, Roberto  |e (autor) 
910 |a Fondo General 
920 |a Impresos - Libros 
930 |a Reserva Especial 
905 |a 103 
901 |a 0500121982  |b IT1  |c REE  |u 20250521 
902 |a https://opac.biblio.iteso.mx/vufind/Record/000182480